Sports Quiz

Random Sports or MLB Quiz

MLB Leaders (every 162 games) Quiz Stats

Quiz not verified by Sporcle

Challenge
Share
Tweet
** Example (Trea Turner - SS WAS) 2015: 27 games, 2016: 73 games, (Total: 100 games). He'll most likely play 62 games in 2017, so whatever his numbers were over the span of those 162 games is where he would qualify for Y1 (1 thru 162). **
Score 0/150 Timer 12:00
0 Plays Today
Year: Player: % Correct
Y1: Games 1-162 (HR)Ryan Howard (43)
95.6%
Y2: Games 163-324 (HR)Ryan Howard (56)
95.6%
Y2: Games 163-324 (RBI)Ryan Howard (153)
95.6%
Y3: Games 325-486 (HR)Ryan Howard (49)
95.6%
Y3: Games 325-486 (RBI)Ryan Howard (146)
95.6%
Y4: Games 487-648 (HR)Ryan Howard (49)
95.6%
Y10: Games 1459-1620 (HR)Miguel Cabrera (54)
95%
Y10: Games 1459-1620 (RBI)Miguel Cabrera (161)
95%
Y1: Games 1-162 (HR)Ryan Braun (47)
94.4%
Y1: Games 1-162 (RBI)Ryan Braun (134)
94.4%
Y1: Games 1-162 (RBI)Albert Pujols (133)
92.6%
Y5: Games 649-810 (RBI)Alex Rodriguez (144)
92.6%
Y6: Games 811-972 (HR)Alex Rodriguez (54)
92.6%
Y7: Games 973-1134 (HR)Alex Rodriguez (56)
92.6%
Y8: Games 1135-1296 (RBI)Albert Pujols (140)
92.6%
Y11: Games 1621-1782 (HR)Alex Rodriguez (44)
92.6%
Y11: Games 1621-1782 (RBI)Alex Rodriguez (136)
92.6%
Y12: Games 1783-1944 (HR)Alex Rodriguez (47)
92.6%
Y12: Games 1783-1944 (RBI)Alex Rodriguez (142)
92.6%
Y13: Games 1945-2106 (HR)Alex Rodriguez (46)
92.6%
Y13: Games 1945-2106 (RBI)Alex Rodriguez (133)
92.6%
Y14: Games 2107-2268 (HR)Albert Pujols (40)
92.6%
Y14: Games 2107-2268 (RBI)Alex Rodriguez (133)
92.6%
Y15: Games 2269-2430 (HR)Alex Rodriguez (34)
92.6%
Y15: Games 2269-2430 (RBI)Albert Pujols (126)
92.6%
Y15: Games 2269-2430 (RBI)Alex Rodriguez (113)
92.6%
Y4: Games 487-648 (RBI)David Ortiz (145)
92%
Y5: Games 649-810 (RBI)David Ortiz (143)
92%
Y6: Games 811-972 (HR)David Ortiz (54)
92%
Y6: Games 811-972 (RBI)David Ortiz (156)
92%
Y7: Games 973-1134 (HR)Barry Bonds (51)
92%
Y8: Games 1135-1296 (RBI)David Ortiz (142)
92%
Y12: Games 1783-1944 (RBI)Barry Bonds (129)
92%
Y13: Games 1945-2106 (HR)Barry Bonds (59)
92%
Y14: Games 2107-2268 (HR)Barry Bonds (69)
92%
Y14: Games 2107-2268 (HR)David Ortiz (43)
92%
Y14: Games 2107-2268 (RBI)Barry Bonds (144)
92%
Y14: Games 2107-2268 (RBI)David Ortiz (123)
92%
Y15: Games 2269-2430 (HR)Barry Bonds (61)
92%
Y15: Games 2269-2430 (HR)David Ortiz (35)
92%
Y15: Games 2269-2430 (RBI)Barry Bonds (132)
92%
Y15: Games 2269-2430 (RBI)David Ortiz (117)
92%
Y1: Games 1-162 (HR)Mark McGwire (51)
91.4%
Y1: Games 1-162 (RBI)Mark McGwire (124)
91.4%
Y7: Games 973-1134 (HR)Mark McGwire (59)
91.4%
Y8: Games 1135-1296 (HR)Mark McGwire (62)
91.4%
Y9: Games 1297-1458 (HR)Mark McGwire (69)
91.4%
Y9: Games 1297-1458 (RBI)Mark McGwire (155)
91.4%
Y10: Games 1459-1620 (HR)Mark McGwire (61)
91.4%
Y11: Games 1621-1782 (HR)Mark McGwire (70)
91.4%
Year: Player: % Correct
Y11: Games 1621-1782 (RBI)Mark McGwire (149)
91.4%
Y2: Games 163-324 (HR)Prince Fielder (45)
90.6%
Y3: Games 325-486 (HR)Cecil Fielder (50)
90.6%
Y3: Games 325-486 (RBI)Todd Helton (143)
89.1%
Y4: Games 487-648 (HR)Todd Helton (51)
89.1%
Y4: Games 487-648 (RBI)Todd Helton (154)
89.1%
Y5: Games 649-810 (HR)Ken Griffey Jr. (59)
88.5%
Y7: Games 973-1134 (HR)Ken Griffey Jr. (59)
88.5%
Y7: Games 973-1134 (RBI)Ken Griffey Jr. (170)
88.5%
Y8: Games 1135-1296 (HR)Ken Griffey Jr. (59)
88.5%
Y9: Games 1297-1458 (RBI)Ken Griffey Jr. (154)
88.5%
Y14: Games 2107-2268 (HR)Ken Griffey Jr. (44)
88.5%
Y8: Games 1135-1296 (HR)Jim Thome (49)
88.2%
Y9: Games 1297-1458 (HR)Jim Thome (54)
88.2%
Y10: Games 1459-1620 (HR)Jim Thome (57)
88.2%
Y5: Games 649-810 (HR)Manny Ramirez (54)
87.9%
Y5: Games 649-810 (RBI)Manny Ramirez (183)
87.9%
Y6: Games 811-972 (HR)Manny Ramirez (51)
87.9%
Y6: Games 811-972 (RBI)Manny Ramirez (169)
87.9%
Y7: Games 973-1134 (RBI)Manny Ramirez (151)
87.9%
Y8: Games 1135-1296 (HR)Sammy Sosa (76)
87.9%
Y8: Games 1135-1296 (RBI)Sammy Sosa (170)
87.9%
Y9: Games 1297-1458 (HR)Sammy Sosa (60)
87.9%
Y9: Games 1297-1458 (RBI)Sammy Sosa (147)
87.9%
Y10: Games 1459-1620 (RBI)Manny Ramirez (151)
87.9%
Y10: Games 1459-1620 (RBI)Sammy Sosa (144)
87.9%
Y11: Games 1621-1782 (HR)Sammy Sosa (67)
87.9%
Y11: Games 1621-1782 (HR)Manny Ramirez (50)
87.9%
Y11: Games 1621-1782 (RBI)Sammy Sosa (142)
87.9%
Y11: Games 1621-1782 (RBI)Manny Ramirez (140)
87.9%
Y12: Games 1783-1944 (HR)Sammy Sosa (47)
87.9%
Y13: Games 1945-2106 (HR)Sammy Sosa (50)
87.9%
Y13: Games 1945-2106 (RBI)Manny Ramirez (126)
87.9%
Y4: Games 487-648 (HR)Frank Thomas (52)
87.6%
Y6: Games 811-972 (RBI)Frank Thomas (152)
87.6%
Y12: Games 1783-1944 (HR)Frank Thomas (48)
87.6%
Y13: Games 1945-2106 (HR)Frank Thomas (44)
87.6%
Y13: Games 1945-2106 (RBI)Frank Thomas (131)
87.6%
Y1: Games 1-162 (RBI)Evan Longoria (131)
86.1%
Y2: Games 163-324 (RBI)Mike Piazza (145)
84.7%
Y9: Games 1297-1458 (HR)Andruw Jones (53)
84.1%
Y12: Games 1783-1944 (RBI)Chipper Jones (125)
84.1%
Y4: Games 487-648 (RBI)Jeff Bagwell (152)
83.5%
Y8: Games 1135-1296 (HR)Mike Schmidt (48)
82.9%
Y14: Games 2107-2268 (RBI)Mike Schmidt (125)
82.9%
Y2: Games 163-324 (RBI)David Wright (132)
82%
Y13: Games 1945-2106 (HR)Adrian Beltre (46)
81.7%
Y5: Games 649-810 (HR)Jose Bautista (58)
79.4%
Y2: Games 163-324 (RBI)Lance Berkman (141)
78.8%
Y3: Games 325-486 (HR)Juan Gonzalez (50)
78.8%
Year: Player: % Correct
Y5: Games 649-810 (HR)Juan Gonzalez (54)
78.8%
Y5: Games 649-810 (RBI)Juan Gonzalez (167)
78.8%
Y6: Games 811-972 (RBI)Juan Gonzalez (170)
78.8%
Y7: Games 973-1134 (RBI)Juan Gonzalez (151)
78.8%
Y1: Games 1-162 (HR)Jose Abreu (41)
78.2%
Y3: Games 325-486 (RBI)Vladimir Guerrero (141)
77.3%
Y12: Games 1783-1944 (HR)Rafael Palmeiro (49)
76.4%
Y12: Games 1783-1944 (RBI)Rafael Palmeiro (155)
76.4%
Y14: Games 2107-2268 (HR)Rafael Palmeiro (48)
76.4%
Y14: Games 2107-2268 (RBI)Rafael Palmeiro (122)
76.4%
Y15: Games 2269-2430 (HR)Rafael Palmeiro (46)
76.4%
Y4: Games 487-648 (HR)Carlos Delgado (49)
76.1%
Y6: Games 811-972 (HR)Matt Williams (60)
76.1%
Y8: Games 1135-1296 (RBI)Carlos Delgado (145)
76.1%
Y4: Games 487-648 (HR)Jose Canseco (52)
75.2%
Y10: Games 1459-1620 (HR)Jose Canseco (52)
75.2%
Y5: Games 649-810 (HR)Albert Belle (65)
72.3%
Y5: Games 649-810 (RBI)Albert Belle (158)
72.3%
Y8: Games 1135-1296 (RBI)Albert Belle (142)
72.3%
Y2: Games 163-324 (HR)Troy Glaus (44)
69.3%
Y13: Games 1945-2106 (RBI)Tony Gwynn (132)
67.3%
Y7: Games 973-1134 (RBI)Miguel Tejada (156)
65.8%
Y9: Games 1297-1458 (RBI)Andres Galarraga (148)
64%
Y10: Games 1459-1620 (RBI)Andres Galarraga (149)
64%
Y11: Games 1621-1782 (HR)Andres Galarraga (48)
64%
Y11: Games 1621-1782 (RBI)Andres Galarraga (132)
64%
Y2: Games 163-324 (HR)Eric Davis (47)
63.7%
Y3: Games 325-486 (HR)Khris Davis (49)
63.7%
Y9: Games 1297-1458 (HR)Gary Sheffield (54)
62.5%
Y9: Games 1297-1458 (RBI)Edwin Encarnacion (146)
62.5%
Y12: Games 1783-1944 (RBI)Gary Sheffield (125)
62.5%
Y13: Games 1945-2106 (RBI)Gary Sheffield (132)
62.5%
Y3: Games 325-486 (HR)Travis Hafner (49)
61.1%
Y3: Games 325-486 (RBI)Travis Hafner (142)
61.1%
Y10: Games 1459-1620 (RBI)Joe Carter (145)
61.1%
Y3: Games 325-486 (RBI)Don Mattingly (146)
60.8%
Y6: Games 811-972 (HR)Jay Buhner (53)
60.8%
Y6: Games 811-972 (RBI)Jay Buhner (162)
60.8%
Y4: Games 487-648 (RBI)Mo Vaughn (152)
59%
Y7: Games 973-1134 (HR)Shawn Green (54)
58.7%
Y10: Games 1459-1620 (HR)Andre Dawson (53)
52.5%
Y2: Games 163-324 (RBI)Vernon Wells (133)
49.6%
Y12: Games 1783-1944 (HR)Reggie Jackson (43)
49.3%
Y7: Games 973-1134 (RBI)Moises Alou (153)
45.1%
Y2: Games 163-324 (HR)Jim Edmonds (44)
43.4%
Y15: Games 2269-2430 (RBI)Paul Molitor (116)
42.5%
Y15: Games 2269-2430 (HR)Darrell Evans (34)
33.3%
Y1: Games 1-162 (HR)Tony Clark (41)
31.3%
Y1: Games 1-162 (RBI)Richie Sexson (122)
22.4%
Y4: Games 487-648 (RBI)Carl Everett (149)
13.9%

You're not logged in!

Compare scores with friends on all Sporcle quizzes.
Join for Free
OR
Log In

You Might Also Like...

Show Comments

Extras

Top Quizzes Today


Score Distribution

Your Account Isn't Verified!

In order to create a playlist on Sporcle, you need to verify the email address you used during registration. Go to your Sporcle Settings to finish the process.

Report this User

Report this user for behavior that violates our Community Guidelines.

Details: